000 00681nam a2200205Ii 4500
003 JO-AjNU
008 230605s9999||||xx |||||||||||||| ||und||
040 _aJO-AjNU
_bara
_erda
_cJO-AjNU
041 _aara
050 1 4 _aBF713.H5622.2005
100 3 _aالهنداوي،علي فالح,
_eauthor
_921772
245 0 0 _aعلم نفس النمو:الطفولة والمراهقة
250 _aط2
264 3 1 _aالعين:دار الكتاب الجامعي ،2005
300 _a384ص
336 _atext
_btxt
_2rdacontent
337 _aunmediated
_bn
_2rdamedia
338 _avolume
_bnc
_2rdacarrier
650 4 _aالاطفال-علم النفس-علم نفس النمو
_921773
999 _aA7620
_c11188
_d11188